Molecular Thermodynamics (Record no. 3762)
[ view plain ]
| 000 -LEADER | |
|---|---|
| fixed length control field | 00815cam a2200253 a 4500 |
| 001 - CONTROL NUMBER | |
| control field | 4509053 |
| 003 - CONTROL NUMBER IDENTIFIER | |
| control field | OSt |
| 005 - DATE AND TIME OF LATEST TRANSACTION | |
| control field | 20190819162026.0 |
| 008 - FIXED-LENGTH DATA ELEMENTS--GENERAL INFORMATION | |
| fixed length control field | 981009s1999 caua b 001 0 eng |
| 010 ## - LIBRARY OF CONGRESS CONTROL NUMBER | |
| LC control number | 98048543 |
| 020 ## - INTERNATIONAL STANDARD BOOK NUMBER | |
| International Standard Book Number | 189138905X (acid-free paper) |
| 040 ## - CATALOGING SOURCE | |
| Original cataloging agency | DLC |
| Transcribing agency | DLC |
| Modifying agency | DLC |
| 050 00 - LIBRARY OF CONGRESS CALL NUMBER | |
| Classification number | QD504 |
| Item number | .M335 1999 |
| 082 00 - DEWEY DECIMAL CLASSIFICATION NUMBER | |
| Classification number | 541.369 |
| Edition number | 21 |
| Item number | MCQ 1999 |
| 100 1# - MAIN ENTRY--PERSONAL NAME | |
| Personal name | McQuarrie, Donald A.; John D. Simon. |
| 9 (RLIN) | 8290 |
| 245 10 - TITLE STATEMENT | |
| Title | Molecular Thermodynamics |
| 260 ## - PUBLICATION, DISTRIBUTION, ETC. (IMPRINT) | |
| Place of publication, distribution, etc. | Sausalito, Calif. : |
| Name of publisher, distributor, etc. | University Science Books, |
| Date of publication, distribution, etc. | 1999. |
| 300 ## - PHYSICAL DESCRIPTION | |
| Extent | xiii, 656 p. : |
| Other physical details | ill. ; |
| Dimensions | 26 cm. |
| 504 ## - BIBLIOGRAPHY, ETC. NOTE | |
| Bibliography, etc | Includes bibliographical references and index. |
| 650 #0 - SUBJECT ADDED ENTRY--TOPICAL TERM | |
| Topical term or geographic name as entry element | Thermodynamics. |
| 9 (RLIN) | 8291 |
| 906 ## - LOCAL DATA ELEMENT F, LDF (RLIN) | |
| a | 7 |
| b | cbc |
| c | orignew |
| d | 1 |
| e | ocip |
| f | 19 |
| g | y-gencatlg |
| 942 ## - ADDED ENTRY ELEMENTS (KOHA) | |
| Source of classification or shelving scheme | Dewey Decimal Classification |
| Koha item type | Short Loan |
| Withdrawn status | Lost status | Source of classification or shelving scheme | Damaged status | Not for loan | Home library | Current library | Date acquired | Inventory number | Total Checkouts | Full call number | Barcode | Date last seen | Price effective from | Koha item type | Source of acquisition | Date last checked out |
|---|---|---|---|---|---|---|---|---|---|---|---|---|---|---|---|---|
| Dewey Decimal Classification | MUST Main Library | MUST Main Library | 25/04/2016 | 2003/19646 | 541.369 MCQ 1999 | 2016-1342 | 25/04/2016 | 25/04/2016 | Short Loan | |||||||
| Dewey Decimal Classification | MUST Main Library | MUST Main Library | 25/04/2016 | 2003/19647 | 541.369 MCQ 1999 | 2016-1343 | 25/04/2016 | 25/04/2016 | Short Loan | |||||||
| Dewey Decimal Classification | MUST Main Library | MUST Main Library | 19/10/2016 | 08/30822 | 541.369 MCQ 1999 | 2016-4845 | 19/10/2016 | 19/10/2016 | Open Shelf | |||||||
| Dewey Decimal Classification | MUST Main Library | MUST Main Library | 19/10/2016 | 08/30821 | 541.369 MCQ 1999 | 2016-4846 | 19/10/2016 | 19/10/2016 | Open Shelf | |||||||
| Dewey Decimal Classification | MUST Main Library | MUST Main Library | 19/10/2016 | 02/17418 | 1 | 541.369 MCQ 1999 | 2016-4848 | 22/02/2023 | 19/10/2016 | Open Shelf | 08/02/2023 | |||||
| Dewey Decimal Classification | MUST Main Library | MUST Main Library | 18/11/2016 | 02/17420 | 541.369 MCQ 1999 | 2016-4961 | 18/11/2016 | 18/11/2016 | Open Shelf | |||||||
| Dewey Decimal Classification | MUST Main Library | MUST Main Library | 15/02/2017 | 02/17421 | 541.369 MCQ 1999 | 2017-0218 | 15/02/2017 | 15/02/2017 | Open Shelf | |||||||
| Dewey Decimal Classification | MUST Main Library | MUST Main Library | 28/03/2017 | 02/17419 | 541.369 MCQ 1999 | 2017-0663 | 28/03/2017 | 28/03/2017 | Open Shelf | |||||||
| Dewey Decimal Classification | MUST Main Library | MUST Main Library | 05/04/2017 | 03/19645 | 541.369 MCQ 1999 | 2017-0725 | 05/04/2017 | 05/04/2017 | Open Shelf | |||||||
| Other/Generic Classification Scheme | MUST Main Library | MUST Main Library | 24/06/2024 | 02/17422 | 541.369 MCQ 1999 | 2024-21077 | 24/06/2024 | 24/06/2024 | Open Shelf | Purchase | ||||||
| Other/Generic Classification Scheme | MUST Main Library | MUST Main Library | 24/06/2024 | 02/17417 | 541.369 MCQ 1999 | 2024-21079 | 24/06/2024 | 24/06/2024 | Open Shelf | Purchase |
